| 000 | 00805nam a2200277 a 4500 | ||
|---|---|---|---|
| 999 |
_c855 _d855 |
||
| 008 | 191105s2007 ii a|||g |||| 001 0 eng d | ||
| 020 |
_a9788131711521 _cRs. 625.00 |
||
| 040 |
_aKO _beng |
||
| 041 | 0 | _aeng | |
| 044 | _aii | ||
| 082 | 0 | 4 |
_223 _a620.11 _bB8302 |
| 100 | 1 | _aBruce, R. Gregg | |
| 245 | 1 | 0 |
_aModern Materials and Manufacturing Processes / _cR. Gregg Bruce [et... al.] |
| 250 | _a3rd ed. | ||
| 260 |
_aNoida : _bDorling Kindersley (India) Pvt Ltd, _c2007 |
||
| 300 |
_axi, 468 p. : _bill. ; _c28 cm. |
||
| 504 | _aIncludes index. | ||
| 650 | 0 |
_aMaterials _vTextbooks |
|
| 650 | 0 |
_aManufacturing processes _xMachining _vTextbooks |
|
| 700 | 1 |
_aDalton, William _eaut |
|
| 700 | 1 |
_aNeely, John E. _eaut |
|
| 700 | 1 |
_aKibbe, Richard R. _eaut |
|
| 904 | _aS_JOY | ||
| 942 | _cBK | ||